| 000 | 00403nam a2200145Ia 4500 | ||
|---|---|---|---|
| 008 | 230917s9999||||xx |||||||||||||| ||und|| | ||
| 040 |
_e30166 _aMAIN |
||
| 041 | _aEnglish | ||
| 082 | _a333.913 D536G | ||
| 100 | _aDhawan, B D | ||
| 245 | 0 | _aGroundwater depletion, land degradation and irrigated agriculture in India | |
| 260 |
_aNew Delhi _bCommonwealth _c1995 |
||
| 300 | _axi, 200 p. | ||
| 942 | _cBK | ||
| 999 |
_c101913 _d101913 |
||